El Retrato de don Antonio María Llopis en la Galería de Presidentes
Descripción Física:
Il·lustracions
Colección:
San Jorge,
; núm. 6 (abril 1952), pàg 62
Materias:
Llopis Galofré, Antoni Maria -- Retrats
; Palau de la Generalitat de Catalunya
; Barcelona (Catalunya : Província). -- Diputació
Idioma:
Español
MARC
| LEADER | 00000naa a2200000 a 4500 | ||
|---|---|---|---|
| 003 | Arxiu | ||
| 005 | 20260324181028.0 | ||
| 008 | 160829s1952 spcaxx s spa c 000 0 cat d | ||
| 040 | |a agdb | ||
| 245 | 0 | 3 | |a El Retrato de don Antonio María Llopis en la Galería de Presidentes |
| 300 | |b Il·lustracions | ||
| 490 | |a San Jorge, |v núm. 6 (abril 1952), pàg 62 | ||
| 600 | 1 | 0 | |9 54842 |a Llopis Galofré, Antoni Maria |x Retrats |
| 610 | 2 | 0 | |a Palau de la Generalitat de Catalunya |9 53043 |
| 610 | 1 | 0 | |a Barcelona (Catalunya : Província). |b Diputació |9 52408 |
| 773 | |g núm. 6 (abril 1952), pàg 62 |t San Jorge. | ||
| 901 | |a Arxiu | ||
| 942 | |n 1 |2 udc |c ART | ||
| 952 | |0 0 |1 0 |4 0 |6 REV508 |7 1 |9 64653 |a Arxiu |b Arxiu |d 2022-12-02 |l 0 |o Rev-508 |r 2022-12-02 00:00:00 |w 2022-12-02 |y ARXIU |z També disponible a Rev-521 | ||
| 999 | |c 44276 |d 44276 | ||